000 00439nam a2200181Ia 4500
001 2943
005 20260306144844.0
008 260306t2011||||xx |||||||||||||| ||spa||
041 _aESP
082 _a234
_bS719
100 _aSayés, José Antonio
_eAUT
245 0 _aQuien es el judío marginal de John P. Meier
260 _c2011
300 _a124 páginas :
_c20 cm.
650 _aGEN
654 _aCHU
942 _cLIB
_dJUS
_fJUS
_2ddc
_n
999 _c2943
_d2943